Structural design guide to the ACI building code
| Main Author: | |
|---|---|
| Format: | Book |
| Published: |
New York
Van Nostrand Reinhold
c1985.
|
| Edition: | 3rd ed. |
| Subjects: |
MARC
| LEADER | 00000cam a2200000 7i4500 | ||
|---|---|---|---|
| 001 | 0000000214 | ||
| 008 | 021118n | ||
| 020 | |a 0442276338 | ||
| 090 | 0 | 0 | |a TA683.24 |b .S77 1985 |
| 245 | 0 | 0 | |a Structural design guide to the ACI building code |c Paul F. Rice... [et al.] |
| 250 | |a 3rd ed. | ||
| 260 | 2 | |a New York |b Van Nostrand Reinhold |c c1985. | |
| 300 | |a ix, 477 p. ; |c 24 cm. | ||
| 650 | 0 | |a Reinforced concrete construction |x Contracts and specifications |z United States | |
| 700 | 0 | |a Rice, Paul F. |d 1921- |e author | |
| 999 | |a 1000052749 |b Book |c Reference |e Gong Badak Campus | ||